[Event "IX. Rhein-Main-Open"]
[Site "Bad Homburg"]
[Date "2006.06.17"]
[Round "5.1"]
[White "Khenkin, Igor"]
[Black "Milov, Leonid"]
[Result "1-0"]
[WhiteElo "2602"]
[BlackElo "2504"]
[PlyCount "82"]
[EventDate "2006.??.??"]

1. d4 d5 2. c4 c6 3. e3 Bf5 4. cxd5 cxd5 5. Qb3 Qc7 6. Bb5+ Nd7 7. Bd2 e6 8.
Nf3 Ngf6 9. Nc3 a6 10. Rc1 Qb6 11. Qa4 Rd8 12. Ne5 Be7 13. Bxd7+ Nxd7 14. Nd1
Qb5 15. Qxb5 axb5 16. a3 Nxe5 17. dxe5 Kd7 18. Ke2 Rc8 19. Nc3 f6 20. Rhd1 Bg6
21. e4 fxe5 22. exd5 exd5 23. Nxd5 Rxc1 24. Rxc1 Bd6 25. Bb4 Be4 26. Nc3 Bxb4
27. Nxe4 Be7 28. Nc5+ Bxc5 29. Rxc5 b4 30. axb4 Kd6 31. Rb5 Rb8 32. Ke3 b6 33.
Ke4 Rf8 34. Rd5+ Kc7 35. Rd2 Rf4+ 36. Kxe5 Rxb4 37. f4 Kc6 38. g4 Rb5+ 39. Ke6
Rb4 40. Rc2+ Kb7 41. Rf2 Rc4 1-0

[Event "IX. Rhein-Main-Open"]
[Site "Bad Homburg"]
[Date "2006.06.17"]
[Round "5.2"]
[White "Kayser, Felix"]
[Black "Drabke, Lorenz Maximilian"]
[Result "1/2-1/2"]
[WhiteElo "2164"]
[BlackElo "2393"]
[PlyCount "114"]
[EventDate "2006.??.??"]

1. e4 c5 2. c3 Nf6 3. e5 Nd5 4. d4 cxd4 5. Nf3 e6 6. cxd4 d6 7. Bb5+ Bd7 8.
Bxd7+ Nxd7 9. O-O Rc8 10. Bd2 dxe5 11. dxe5 Bc5 12. Nc3 Nxc3 13. Bxc3 O-O 14.
Qe2 Qe7 15. Qe4 Nb6 16. Qg4 Nd5 17. Bd2 Rfe8 18. Qh5 Qd7 19. Rae1 Bf8 20. Re4
f5 21. Rd4 g6 22. Qh3 Rc2 23. Bg5 Rec8 24. Bf6 Bc5 25. Rdd1 Rxb2 26. Ng5 Rc7
27. g4 Qa4 28. gxf5 Rxf2 29. Kh1 Rxf5 30. Rxf5 gxf5 31. Qf3 Qc6 32. Qg2 Nxf6
33. exf6 Rd7 34. Rxd7 Qxd7 35. Ne4+ Kf8 36. Qg7+ Qxg7 37. fxg7+ Kxg7 38. Nxc5
Kf6 39. Nxb7 e5 40. Kg2 e4 41. Kf2 Ke5 42. Na5 Kd4 43. Ke2 a6 44. Nb3+ Kc3 45.
Ke3 Kb2 46. Nd4 Kxa2 47. Nxf5 a5 48. Kxe4 a4 49. Nd4 Kb2 50. Nb5 Kb3 51. Kf3 a3
52. Nxa3 Kxa3 53. Ke4 Kb4 54. Kf5 Kc5 55. Kg5 Kd6 56. Kh6 Ke7 57. Kxh7 Kf8
1/2-1/2

[Event "IX. Rhein-Main-Open"]
[Site "Bad Homburg"]
[Date "2006.06.17"]
[Round "5.3"]
[White "Gramlich, Sebastian"]
[Black "Bakhmatov, Eduard"]
[Result "0-1"]
[WhiteElo "2122"]
[BlackElo "2341"]
[PlyCount "44"]
[EventDate "2006.??.??"]

1. d4 Nf6 2. Bg5 e6 3. e4 Be7 4. Nc3 d5 5. e5 Nfd7 6. Bxe7 Qxe7 7. Qg4 f5 8.
exf6 Nxf6 9. Qh4 Nc6 10. O-O-O Bd7 11. Nf3 O-O-O 12. Be2 Rhf8 13. Rhe1 Ne4 14.
Qxe7 Nxe7 15. Nxe4 dxe4 16. Ng5 Rxf2 17. Bf1 Bc6 18. Nxe4 Rxf1 19. Rxf1 Bxe4
20. Rf7 Nf5 21. Re1 Bxg2 22. Rxe6 Bd5 0-1

[Event "IX. Rhein-Main-Open"]
[Site "Bad Homburg"]
[Date "2006.06.17"]
[Round "5.4"]
[White "Donchenko, Anatoli"]
[Black "Wiege, Andre"]
[Result "1-0"]
[WhiteElo "2434"]
[BlackElo "2083"]
[PlyCount "79"]
[EventDate "2006.??.??"]

1. Nf3 Nf6 2. c4 d6 3. d4 Nbd7 4. Nc3 e5 5. e4 exd4 6. Qxd4 Nc5 7. Be2 Bg4 8.
Be3 Qe7 9. h3 Bh5 10. Nd5 Nxd5 11. exd5 Bxf3 12. Bxf3 Qe5 13. O-O-O Be7 14.
Rhe1 O-O 15. Qxe5 dxe5 16. b4 Nd7 17. c5 Rfd8 18. d6 cxd6 19. Bxb7 Rab8 20. c6
Nb6 21. Bxb6 axb6 22. c7 Rdc8 23. Bxc8 Rxc8 24. Kb2 Rxc7 25. Rc1 Rd7 26. Rc8+
Bd8 27. a4 f5 28. a5 bxa5 29. bxa5 Kf7 30. Ra1 e4 31. Ra4 Ke6 32. Rb8 Kd5 33.
Rb5+ Kc6 34. Rxf5 d5 35. a6 Bb6 36. Kc2 Kb5 37. Rxe4 Kxa6 38. Rb4 Kb7 39. Rbf4
Rc7+ 40. Kd3 1-0

[Event "IX. Rhein-Main-Open"]
[Site "Bad Homburg"]
[Date "2006.06.17"]
[Round "5.5"]
[White "Malek, Daniel"]
[Black "Dorst, Johannes"]
[Result "1/2-1/2"]
[WhiteElo "2322"]
[BlackElo "2127"]
[PlyCount "159"]
[EventDate "2006.??.??"]

1. Nf3 c5 2. e4 Nc6 3. Bb5 g6 4. Bxc6 dxc6 5. d3 Bg7 6. h3 Nf6 7. Nc3 O-O 8.
Be3 b6 9. Qd2 Re8 10. O-O e5 11. Nh2 Nh5 12. Rae1 Qd6 13. Ne2 Be6 14. b3 Rad8
15. f4 exf4 16. Nxf4 Nxf4 17. Bxf4 Qd4+ 18. Qf2 Qxf2+ 19. Kxf2 Bc3 20. Rd1 f5
21. exf5 Bd4+ 22. Be3 Bxf5 23. Rfe1 Bc3 24. Bd2 Rxe1 25. Kxe1 Be5 26. Nf3 Bg3+
27. Kf1 b5 28. Be1 Bc7 29. Bc3 c4 30. Nd4 Bd7 31. bxc4 bxc4 32. Nf3 cxd3 33.
cxd3 Be6 34. Rd2 Bf4 35. Re2 Rxd3 36. Rxe6 Rxc3 37. Nd4 Rc1+ 38. Kf2 c5 39. Ne2
Rc2 40. Ra6 Bb8 41. Ke3 Rb2 42. g4 Kf7 43. h4 Rb4 44. Kf3 Rb6 45. Ra5 Rf6+ 46.
Ke3 Re6+ 47. Kf3 Rc6 48. Nc3 a6 49. Ke4 Ke6 50. h5 Be5 51. Nd5 Bd6 52. hxg6
hxg6 53. Ne3 c4 54. Nc2 Bc5 55. Ra4 Bf2 56. Rb4 Kd6 57. Rb8 Kc5 58. Re8 Bg3 59.
Ke3 g5 60. Kf3 Bf4 61. Ke4 c3 62. Kd3 Bd2 63. Nd4 Rd6 64. Rc8+ Kd5 65. Nf3 Ke6+
66. Kc2 Kd7 67. Rc5 Rf6 68. Nxd2 cxd2 69. Rxg5 Rd6 70. Kd1 Ke7 71. a4 Kf6 72.
Rf5+ Kg6 73. Rc5 Kf6 74. a5 Kg6 75. Rc8 Kg5 76. Rg8+ Kf4 77. g5 Kf5 78. Rg7 Rd5
79. g6 Rxa5 80. Kxd2 1/2-1/2

[Event "IX. Rhein-Main-Open"]
[Site "Bad Homburg"]
[Date "2006.06.17"]
[Round "5.6"]
[White "Lisanti, Andre"]
[Black "Wanie, Karsten"]
[Result "1-0"]
[WhiteElo "2295"]
[BlackElo "2056"]
[PlyCount "79"]
[EventDate "2006.??.??"]

1. e4 e6 2. d4 d5 3. Nc3 Bb4 4. e5 c5 5. a3 Ba5 6. b4 cxd4 7. Nb5 Bc7 8. f4 Nh6
9. Bd3 Bd7 10. Nxc7+ Qxc7 11. Nf3 Nc6 12. Bb2 Rc8 13. Qe2 Nf5 14. O-O Ne3 15.
Rf2 Ng4 16. Rff1 Ne3 17. Rfe1 Nc4 18. Bc1 Qb6 19. Rb1 a6 20. Qf2 Na7 21. Qg3 g6
22. Qg5 h6 23. Qf6 Rg8 24. Qh4 Rh8 25. Qf6 Rg8 26. f5 gxf5 27. Qxh6 Ne3 28.
Rxe3 dxe3 29. Bxe3 d4 30. Bxd4 Qc6 31. Qh7 Rf8 32. Bc5 b6 33. Bd6 Nb5 34. Bxb5
Qxc2 35. Qh4 Qxb1+ 36. Bf1 f6 37. Qh7 Qxf1+ 38. Kxf1 Bb5+ 39. Ke1 Rf7 40. Qg8+
1-0

[Event "IX. Rhein-Main-Open"]
[Site "Bad Homburg"]
[Date "2006.06.17"]
[Round "5.7"]
[White "Schell, Walter"]
[Black "Feldtmann, Thomas"]
[Result "1/2-1/2"]
[WhiteElo "2112"]
[BlackElo "2283"]
[PlyCount "90"]
[EventDate "2006.??.??"]

1. d4 f5 2. g3 Nf6 3. Bg2 g6 4. c4 Bg7 5. Nc3 d6 6. Nf3 O-O 7. O-O Qe8 8. d5 a5
9. Nd4 Na6 10. Rb1 Bd7 11. b3 h6 12. a3 Rc8 13. Bb2 g5 14. Ba1 f4 15. Ne4 Ng4
16. Ne6 Bxe6 17. Bxg7 Qh5 18. h3 Kxg7 19. hxg4 Bxg4 20. Bf3 Bxf3 21. exf3 Nb8
22. Kg2 Qg6 23. Qd4+ Kf7 24. c5 Nd7 25. b4 axb4 26. axb4 Ne5 27. b5 b6 28. g4
h5 29. Rh1 hxg4 30. fxg4 f3+ 31. Kg3 Kg8 32. Rh5 Rf4 33. Qxe5 dxe5 34. Rxg5
Qxg5 35. Nxg5 bxc5 36. Rc1 c4 37. Ne6 Rcf8 38. Nxf4 Rxf4 39. Rc3 Kg7 40. Rxf3
Rd4 41. Rc3 Kf6 42. Kh4 Kg6 43. f3 Kh6 44. Rc1 Kg6 45. Rc3 Kh6 1/2-1/2

[Event "IX. Rhein-Main-Open"]
[Site "Bad Homburg"]
[Date "2006.06.17"]
[Round "5.8"]
[White "Minor, Samuel"]
[Black "Uwira, Oliver"]
[Result "0-1"]
[WhiteElo "2100"]
[BlackElo "2256"]
[PlyCount "78"]
[EventDate "2006.??.??"]

1. e4 c5 2. Nf3 Nc6 3. d4 cxd4 4. Nxd4 Nf6 5. Nc3 e5 6. Ndb5 d6 7. Bg5 a6 8.
Na3 b5 9. Nd5 Be7 10. Bxf6 Bxf6 11. c3 O-O 12. g3 Rb8 13. Nc2 a5 14. b3 Bg5 15.
Bg2 Be6 16. O-O Qd7 17. Qd3 Ne7 18. Nce3 Bxe3 19. Nxe3 Rfc8 20. Rfd1 a4 21.
Rab1 Qc6 22. Qxd6 Qxd6 23. Rxd6 axb3 24. axb3 Rxc3 25. b4 g6 26. Bf1 Kg7 27.
Rd3 Rcc8 28. Rd6 Nc6 29. Nd5 Nd4 30. Ra1 Rc2 31. Ra7 Rbc8 32. Nb6 R8c3 33. Nd7
Bxd7 34. Rdxd7 Rf3 35. Rab7 Rfxf2 36. Rxd4 exd4 37. Rxb5 Rfd2 38. Rd5 Rc1 39.
Rc5 Rxc5 0-1

[Event "IX. Rhein-Main-Open"]
[Site "Bad Homburg"]
[Date "2006.06.17"]
[Round "5.9"]
[White "Ellrich, Jochen"]
[Black "Brustkern, Jürgen"]
[Result "0-1"]
[WhiteElo "2090"]
[BlackElo "2242"]
[PlyCount "102"]
[EventDate "2006.??.??"]

1. d4 g6 2. e4 Bg7 3. Nc3 d6 4. f4 a6 5. Nf3 b5 6. Bd3 Nd7 7. O-O Bb7 8. e5 e6
9. Ne4 Bxe4 10. Bxe4 d5 11. Bd3 c5 12. dxc5 Nxc5 13. Be3 Nxd3 14. cxd3 Nh6 15.
Bc5 Bf8 16. Bxf8 Qb6+ 17. Bc5 Qxc5+ 18. d4 Qb6 19. Qd2 Nf5 20. Rac1 h5 21. Rc5
O-O 22. Rfc1 Rab8 23. Rc6 Qa7 24. Rc7 Rb7 25. Qc3 Nxd4 26. Rxb7 Nxf3+ 27. Kh1
Qxb7 28. gxf3 Rd8 29. Qd4 Rc8 30. Rc5 a5 31. Kg2 Qa6 32. Qc3 Rxc5 33. Qxc5 b4
34. Kf2 Qd3 35. Qxa5 Qd4+ 36. Kg3 Qg1+ 37. Kh3 Qf2 38. Qd8+ Kh7 39. Qg5 Qxf3+
40. Qg3 Qe2 41. Qg2 Qc4 42. Qd2 g5 43. Kg3 b3 44. axb3 Qxb3+ 45. Kg2 g4 46. Qc1
d4 47. Qd2 Kg6 48. Qxd4 Kf5 49. Kg1 h4 50. Qf2 g3 51. hxg3 Qxg3+ 0-1

[Event "IX. Rhein-Main-Open"]
[Site "Bad Homburg"]
[Date "2006.06.17"]
[Round "5.10"]
[White "Hilbenz, Guntram"]
[Black "Chandler, Patrick"]
[Result "0-1"]
[WhiteElo "2053"]
[BlackElo "2199"]
[PlyCount "84"]
[EventDate "2006.??.??"]

1. c4 e5 2. g3 c6 3. d4 d6 4. Bg2 Nd7 5. Nc3 Ngf6 6. e4 a6 7. Nf3 Be7 8. O-O
O-O 9. Qc2 Re8 10. Rd1 Qc7 11. Be3 Qb8 12. h3 b5 13. b3 b4 14. Na4 c5 15. dxe5
dxe5 16. Nh2 Bb7 17. Nf1 Bc6 18. Nb2 Nf8 19. Bg5 Ne6 20. Bxf6 Bxf6 21. Ne3 Nd4
22. Qd3 a5 23. Nd5 Bd8 24. Rdb1 Bd7 25. Nd1 Qc8 26. Kh2 Ra6 27. N1e3 Rh6 28.
Nf5 Nxf5 29. exf5 Bxf5 30. Be4 Bxe4 31. Qxe4 Qxh3+ 32. Kg1 Qh2+ 33. Kf1 f5 34.
Qg2 Qh5 35. Re1 Rhe6 36. Re2 f4 37. g4 Qg5 38. Rae1 Rg6 39. f3 h5 40. gxh5 Qxh5
41. Nxf4 Rxg2 42. Nxh5 Rg5 0-1

[Event "IX. Rhein-Main-Open"]
[Site "Bad Homburg"]
[Date "2006.06.17"]
[Round "5.12"]
[White "Foermes, Alexander"]
[Black "Isserman, Ryhor"]
[Result "1/2-1/2"]
[WhiteElo "2054"]
[BlackElo "2309"]
[PlyCount "163"]
[EventDate "2006.??.??"]

1. c4 g6 2. g3 Bg7 3. Bg2 c5 4. Nc3 Nc6 5. a3 d6 6. Rb1 a5 7. e3 h5 8. h3 Nh6
9. Nge2 Nf5 10. O-O O-O 11. b3 e5 12. d3 Be6 13. Bb2 Rb8 14. Nb5 Qd7 15. Kh2
Nfe7 16. d4 cxd4 17. exd4 d5 18. cxd5 Bxd5 19. dxe5 Nxe5 20. Nf4 Rfd8 21. Nxd5
Nxd5 22. Nd4 h4 23. Qd2 a4 24. Nf3 Nxf3+ 25. Bxf3 Qf5 26. Bg4 Qe4 27. Rfe1 Nf6
28. Qxd8+ Rxd8 29. Rxe4 Nxe4 30. Bxg7 Kxg7 31. bxa4 Nxf2 32. Bf3 Rd3 33. Kg2
Nxh3 34. Kxh3 Rxf3 35. Kxh4 Rxa3 36. Rxb7 Rxa4+ 37. Kh3 Ra2 38. Rb6 Re2 39. Rd6
f5 40. Ra6 Kh6 41. Ra4 Kh5 42. Rh4+ Kg5 43. Ra4 Rb2 44. Rc4 Re2 45. Ra4 Re4 46.
Ra3 Kh5 47. Rf3 Ra4 48. Rb3 Ra2 49. Rb8 Ra3 50. Rh8+ Kg5 51. Rh4 Kf6 52. Rb4
Re3 53. Rb6+ Re6 54. Rb4 g5 55. Kg2 Rd6 56. Rb2 Rd4 57. Re2 Rd5 58. Ra2 Ke6 59.
Re2+ Kd6 60. Re8 Kc5 61. Rg8 g4 62. Rc8+ Kd4 63. Kf2 Kd3 64. Re8 Ra5 65. Rd8+
Ke4 66. Re8+ Kd5 67. Rd8+ Ke6 68. Re8+ Kf7 69. Re2 Ra3 70. Rb2 Kf6 71. Re2 Kg5
72. Rb2 Ra6 73. Rc2 Kf6 74. Rb2 Rc6 75. Re2 Rc4 76. Ra2 Ke5 77. Re2+ Kd4 78.
Rd2+ Ke4 79. Re2+ Kd3 80. Re5 f4 81. gxf4 Rxf4+ 82. Kg3 1/2-1/2

[Event "IX. Rhein-Main-Open"]
[Site "Bad Homburg"]
[Date "2006.06.17"]
[Round "5.13"]
[White "Weise, Martin"]
[Black "Hüttemann, Ralf"]
[Result "0-1"]
[WhiteElo "2175"]
[BlackElo "1963"]
[PlyCount "74"]
[EventDate "2006.??.??"]

1. d4 c5 2. e3 Nf6 3. Nf3 b6 4. c4 g6 5. Nc3 Bg7 6. Bd3 O-O 7. O-O d6 8. h3
Nbd7 9. d5 Ne8 10. e4 e5 11. Bg5 f6 12. Bd2 f5 13. Ng5 Ndf6 14. f4 fxe4 15.
Ncxe4 Nxe4 16. Nxe4 exf4 17. Bxf4 Bxb2 18. Bg5 Rxf1+ 19. Qxf1 Bd4+ 20. Kh1 Qc7
21. Re1 Bf5 22. g4 Bxe4+ 23. Rxe4 Be5 24. Re3 a6 25. Rf3 Qg7 26. Qc1 Nc7 27.
Bh6 Qe7 28. Bg5 Qd7 29. Qf1 b5 30. Bh6 Bg7 31. g5 Bxh6 32. gxh6 bxc4 33. Bf5
Qe7 34. Qg2 Kh8 35. Qb2+ Qe5 36. Qb7 gxf5 37. Qxc7 Qe1+ 0-1

[Event "IX. Rhein-Main-Open"]
[Site "Bad Homburg"]
[Date "2006.06.17"]
[Round "5.14"]
[White "Neb, Roland"]
[Black "Biegel, Thomas"]
[Result "1/2-1/2"]
[WhiteElo "2156"]
[BlackElo "1999"]
[PlyCount "55"]
[EventDate "2006.??.??"]

1. e4 c6 2. d4 d5 3. exd5 cxd5 4. c4 Nf6 5. Nc3 e6 6. Nf3 Bb4 7. Bg5 Nbd7 8. a3
Bxc3+ 9. bxc3 Qc7 10. Qb3 O-O 11. Be2 b6 12. cxd5 exd5 13. O-O Bb7 14. Nd2 Rac8
15. Rac1 Rfe8 16. Bd3 Ne4 17. Be3 Ndf6 18. g3 Qd7 19. Nxe4 Nxe4 20. Rfe1 Nd6
21. Qd1 Nc4 22. Qh5 g6 23. Qh6 Re6 24. Bf1 Nxe3 25. fxe3 f5 26. c4 dxc4 27.
Rxc4 Bd5 28. Rcc1 1/2-1/2

[Event "IX. Rhein-Main-Open"]
[Site "Bad Homburg"]
[Date "2006.06.17"]
[Round "5.15"]
[White "Förster, Rudi"]
[Black "Willems, Matthias"]
[Result "0-1"]
[WhiteElo "1967"]
[BlackElo "2112"]
[PlyCount "88"]
[EventDate "2006.??.??"]

1. e4 c5 2. Nf3 Nc6 3. c3 Nf6 4. e5 Nd5 5. d4 cxd4 6. cxd4 e6 7. a3 d6 8. Bd3
Qc7 9. exd6 Bxd6 10. O-O Qb6 11. Nc3 Nf6 12. Ne4 Nxe4 13. Bxe4 Ne7 14. Qc2 Bd7
15. Be3 Rc8 16. Qd2 Nd5 17. Ne5 Bb5 18. Rfe1 O-O 19. Bh6 f6 20. Ng4 f5 21. Bxg7
Kxg7 22. Qg5+ Kh8 23. Bxd5 exd5 24. Ne3 Qd8 25. Qh5 Qf6 26. Nxd5 Qg6 27. Qxg6
hxg6 28. Ne7 Bxe7 29. Rxe7 Bc6 30. f4 Rfe8 31. Rae1 Rxe7 32. Rxe7 Re8 33. Rf7
Rd8 34. h4 Kg8 35. Rc7 Rxd4 36. g3 Rd2 37. b4 a6 38. a4 Rg2+ 39. Kf1 Rxg3 40.
b5 axb5 41. axb5 Be4 42. h5 gxh5 43. Rc8+ Kg7 44. Rc7+ Kg6 0-1

[Event "IX. Rhein-Main-Open"]
[Site "Bad Homburg"]
[Date "2006.06.17"]
[Round "5.16"]
[White "Diehm, Alexander"]
[Black "Lanz, Udo"]
[Result "1-0"]
[WhiteElo "2111"]
[BlackElo "1985"]
[PlyCount "49"]
[EventDate "2006.??.??"]

1. d4 f5 2. Bg5 g6 3. f3 Bg7 4. e4 d6 5. Bc4 Nc6 6. Bxg8 Rxg8 7. c3 Bf6 8. Bxf6
exf6 9. Qb3 Kf8 10. Nd2 Rb8 11. Ne2 Qe7 12. O-O Qf7 13. d5 Ne5 14. Nd4 f4 15.
Nc4 Nxc4 16. Qxc4 Kg7 17. Nb5 a6 18. Nxc7 Bd7 19. Qb4 Qe7 20. Rad1 g5 21. Rd2
h5 22. Ne6+ Kg6 23. Re1 h4 24. e5 Bxe6 25. exd6 1-0

[Event "IX. Rhein-Main-Open"]
[Site "Bad Homburg"]
[Date "2006.06.17"]
[Round "5.17"]
[White "Ochmann, Reimund"]
[Black "Remy, Jochen"]
[Result "1-0"]
[WhiteElo "1944"]
[BlackElo "2097"]
[PlyCount "65"]
[EventDate "2006.??.??"]

1. e4 g6 2. d4 Bg7 3. Nc3 d6 4. Be3 a6 5. f4 b5 6. Bd3 Bb7 7. Nf3 Nd7 8. Ne2
Ngf6 9. Ng3 e6 10. O-O Ng4 11. Bd2 c5 12. c3 Qb6 13. Kh1 d5 14. e5 O-O 15. Qe1
Nh6 16. Qf2 cxd4 17. cxd4 b4 18. Rad1 a5 19. Bb1 Ba6 20. Rfe1 f6 21. f5 fxe5
22. Bxh6 Bxh6 23. fxe6 Qxe6 24. dxe5 Rac8 25. Qd4 Nb6 26. Qh4 Kg7 27. Nd4 Qe8
28. e6 Rf4 29. Ndf5+ gxf5 30. Nh5+ Kh8 31. Nxf4 Bg7 32. Bxf5 h6 33. e7 1-0

[Event "IX. Rhein-Main-Open"]
[Site "Bad Homburg"]
[Date "2006.06.17"]
[Round "5.18"]
[White "Sefeloge, Michael"]
[Black "Huss, Rolf"]
[Result "1/2-1/2"]
[WhiteElo "1916"]
[BlackElo "2112"]
[PlyCount "61"]
[EventDate "2006.??.??"]

1. d4 f5 2. c4 Nf6 3. Nf3 g6 4. e3 d6 5. Nc3 Bg7 6. Be2 O-O 7. O-O a5 8. b3 Na6
9. Bb2 Qe8 10. Nd2 e5 11. dxe5 dxe5 12. Ba3 Rf7 13. Nd5 e4 14. Rc1 Rd7 15.
Nxf6+ Bxf6 16. Qc2 c5 17. Rfd1 Nb4 18. Qb1 Qe5 19. Nf1 b6 20. Rxd7 Bxd7 21. Rd1
Bc6 22. Rd2 Qe7 23. Bb2 Rd8 24. Bxf6 Qxf6 25. Qd1 Rxd2 26. Qxd2 Kg7 27. a3 Na6
28. Ng3 Nc7 29. Bf1 h5 30. Ne2 g5 31. Qc3 1/2-1/2

[Event "IX. Rhein-Main-Open"]
[Site "Bad Homburg"]
[Date "2006.06.17"]
[Round "5.19"]
[White "Sittinger, Lutz"]
[Black "Mayer, Frank"]
[Result "1/2-1/2"]
[WhiteElo "1786"]
[BlackElo "2078"]
[PlyCount "32"]
[EventDate "2006.??.??"]

1. d4 e6 2. c4 b6 3. Nc3 Bb7 4. e4 Bb4 5. Bd3 f5 6. Qe2 Nf6 7. Bg5 fxe4 8. Bxe4
Bxe4 9. Bxf6 Qxf6 10. Qxe4 Bxc3+ 11. bxc3 O-O 12. Nf3 Nc6 13. O-O Qf5 14. Rfe1
Qxe4 15. Rxe4 Rf5 16. Rd1 Na5 1/2-1/2

[Event "IX. Rhein-Main-Open"]
[Site "Bad Homburg"]
[Date "2006.06.17"]
[Round "5.20"]
[White "Zöller, Thomas"]
[Black "Kolker, Vladislav"]
[Result "0-1"]
[WhiteElo "2082"]
[BlackElo "1860"]
[PlyCount "58"]
[EventDate "2006.??.??"]

1. d4 Nf6 2. c4 g6 3. Nc3 Bg7 4. e4 d6 5. Nf3 O-O 6. Be2 e5 7. O-O Nc6 8. d5
Ne7 9. Bg5 h6 10. Bxf6 Bxf6 11. b4 c6 12. Rc1 cxd5 13. cxd5 Bd7 14. Nd2 Bg5 15.
Rc2 Rc8 16. Nc4 Qc7 17. Qd3 f5 18. f3 Kg7 19. g3 b5 20. Na3 a6 21. Kg2 Qb6 22.
Nd1 Ng8 23. h4 Be7 24. Rh1 Nf6 25. Ne3 fxe4 26. fxe4 Qd4 27. Rf1 Qxb4 28. Rfc1
Nxe4 29. Bf3 Nc5 0-1

[Event "IX. Rhein-Main-Open"]
[Site "Bad Homburg"]
[Date "2006.06.17"]
[Round "5.21"]
[White "Reyher, Werner"]
[Black "Adair, Robin"]
[Result "0-1"]
[WhiteElo "1834"]
[BlackElo "2103"]
[PlyCount "96"]
[EventDate "2006.??.??"]

1. d4 Nf6 2. c4 c5 3. d5 d6 4. Nc3 e6 5. e4 exd5 6. cxd5 g6 7. Be2 Bg7 8. Nf3
O-O 9. O-O Re8 10. Qc2 a6 11. a4 Nbd7 12. Re1 Rb8 13. Bf1 Ng4 14. h3 Nge5 15.
Nxe5 Bxe5 16. f4 Qh4 17. Qf2 Qxf2+ 18. Kxf2 Bd4+ 19. Kf3 Nf6 20. Bd2 Bd7 21. a5
b5 22. axb6 Rxb6 23. Bc1 Bxc3 24. bxc3 Nxd5 25. Bd2 Nc7 26. Rab1 Reb8 27. Rxb6
Rxb6 28. e5 d5 29. Be3 Rb3 30. Rc1 c4 31. Bd4 a5 32. Be2 Nb5 33. Ke3 Rb2 34.
Bf3 Nc7 35. Bc5 Bc6 36. g3 Ne6 37. Ba7 a4 38. g4 Rh2 39. f5 Nc7 40. Rb1 Nb5 41.
Bc5 a3 42. Bxa3 Nxa3 43. Rb8+ Kg7 44. f6+ Kh6 45. e6 Kg5 46. h4+ Kxf6 47. Rb6
d4+ 48. Kxd4 Bxf3 0-1

[Event "IX. Rhein-Main-Open"]
[Site "Bad Homburg"]
[Date "2006.06.17"]
[Round "5.22"]
[White "Lebermann, Hellmuth"]
[Black "Grünter, Martin"]
[Result "0-1"]
[WhiteElo "2063"]
[BlackElo "1897"]
[PlyCount "58"]
[EventDate "2006.??.??"]

1. e4 c5 2. Nf3 d6 3. d4 cxd4 4. Nxd4 Nf6 5. Nc3 a6 6. f3 e5 7. Nb3 Be6 8. Be3
Be7 9. Qd2 O-O 10. O-O-O Nbd7 11. Qf2 b5 12. h4 Qc7 13. Nd5 Bxd5 14. exd5 Rfc8
15. g4 b4 16. h5 a5 17. g5 a4 18. Na1 a3 19. b3 Qc3 20. gxf6 Qxa1+ 21. Kd2 Qc3+
22. Ke2 Nxf6 23. Bh3 Rc7 24. h6 g6 25. Bb6 Rb7 26. Rhg1 Nh5 27. Bf5 Nf4+ 28.
Kf1 Rxb6 29. Qxb6 Qxf3+ 0-1

[Event "IX. Rhein-Main-Open"]
[Site "Bad Homburg"]
[Date "2006.06.17"]
[Round "5.23"]
[White "Kretner, Georg-Ulrich"]
[Black "Eidelmann, Vova"]
[Result "1/2-1/2"]
[WhiteElo "1852"]
[BlackElo "2055"]
[PlyCount "161"]
[EventDate "2006.??.??"]

1. d4 e6 2. c4 d5 3. Nc3 Bb4 4. Qa4+ Nc6 5. a3 Bxc3+ 6. bxc3 Nge7 7. Bf4 O-O 8.
e3 Bd7 9. Qc2 Ng6 10. Bg3 Na5 11. cxd5 exd5 12. Bd3 f5 13. Ne2 Rc8 14. h4 h5
15. Nf4 Nxf4 16. Bxf4 Qe7 17. Be2 Be8 18. Bf3 Qe6 19. Rh3 Nc4 20. Rg3 Kh7 21.
Qd1 g6 22. Be2 Nd6 23. f3 Bb5 24. Rh3 Bxe2 25. Qxe2 Nc4 26. g4 fxg4 27. fxg4
Rce8 28. Bg5 Qxg4 29. Qxg4 hxg4 30. Rg3 Re4 31. Ke2 b5 32. Rag1 Rf7 33. Ra1 c6
34. a4 bxa4 35. Rxa4 a5 36. Ra2 Rb7 37. Bf4 Rbe7 38. Kd3 a4 39. Rxg4 Nxe3 40.
Rg3 Nc4 41. Bg5 Rf7 42. Rgg2 Rf3+ 43. Kc2 Re1 44. Rxa4 Ne3+ 45. Bxe3 Rexe3 46.
Ra3 Kh6 47. Rg4 Rh3 48. Kd2 Rd3+ 49. Ke2 Rxc3 50. Ra8 Ra3 51. Rxa3 Rxa3 52. Kf2
Ra7 53. Ke3 Rf7 54. Rg2 Re7+ 55. Kd3 Re4 56. Rc2 Re6 57. Rf2 Kg7 58. Rg2 Kf7
59. Rg4 Rf6 60. Ke3 Rf5 61. Ke2 Kg7 62. Ke3 Kh6 63. Rg3 Kh5 64. Rg2 Rf6 65. Rh2
Kg4 66. Rh1 Rf3+ 67. Ke2 Rf6 68. Ke3 Kh5 69. Rh2 Re6+ 70. Kd3 Kg4 71. Rh1 Kg3
72. h5 Kg2 73. Rh4 gxh5 74. Rxh5 Rg6 75. Kc3 Kf3 76. Re5 Rg1 77. Re6 Rc1+ 78.
Kd2 Rc4 79. Kd3 Kf4 80. Rf6+ Kg5 81. Rf1 1/2-1/2

[Event "IX. Rhein-Main-Open"]
[Site "Bad Homburg"]
[Date "2006.06.17"]
[Round "5.24"]
[White "Hillgaertner, Walter"]
[Black "Nahler, Michael"]
[Result "1-0"]
[WhiteElo "2055"]
[BlackElo "1842"]
[PlyCount "91"]
[EventDate "2006.??.??"]

1. d4 d5 2. Bf4 c5 3. e3 Nc6 4. c3 Nf6 5. Nd2 Bf5 6. Ngf3 e6 7. Qa4 a6 8. Ne5
Qc8 9. Nxc6 bxc6 10. dxc5 Bxc5 11. Nb3 Nd7 12. Nxc5 Nxc5 13. Qd4 Nd7 14. Qxg7
Rf8 15. Bd6 Qb7 16. b3 O-O-O 17. Bxf8 Nxf8 18. Be2 Qe7 19. O-O Kb7 20. c4 Nd7
21. cxd5 exd5 22. Qd4 Rg8 23. g3 Bh3 24. Qa4 Bxf1 25. Qxa6+ Kc7 26. Rxf1 Qe4
27. Qa7+ Kd6 28. Rc1 Ne5 29. Qc5+ Kd7 30. f4 Nf3+ 31. Kf2 Nxh2 32. Qxc6+ Ke7
33. Qc7+ Kf6 34. Qc3+ Ke6 35. Qd4 Ng4+ 36. Bxg4+ Rxg4 37. Qxe4+ dxe4 38. Rc5
Rg8 39. Re5+ Kd6 40. Rxe4 Ra8 41. a4 f5 42. Rd4+ Kc5 43. b4+ Kb6 44. a5+ Ka6
45. Kf3 h5 46. Rd5 1-0

[Event "IX. Rhein-Main-Open"]
[Site "Bad Homburg"]
[Date "2006.06.17"]
[Round "5.25"]
[White "Libuda, Thomas"]
[Black "Pietsch, Klaus"]
[Result "0-1"]
[WhiteElo "2026"]
[BlackElo "1956"]
[PlyCount "32"]
[EventDate "2006.??.??"]

1. d4 d5 2. Nf3 Nc6 3. e3 Bg4 4. c4 e5 5. Qb3 Bxf3 6. gxf3 Nge7 7. cxd5 Qxd5 8.
Bc4 Qxf3 9. Bxf7+ Qxf7 10. Qxb7 Rb8 11. Qxc7 Rc8 12. Qb7 Qd5 13. O-O exd4 14.
Bd2 Rb8 15. Qc7 Rxb2 16. f4 dxe3 0-1

[Event "IX. Rhein-Main-Open"]
[Site "Bad Homburg"]
[Date "2006.06.17"]
[Round "5.26"]
[White "Diez, Gerhard"]
[Black "Bender, Manfred"]
[Result "1-0"]
[WhiteElo "2014"]
[BlackElo "1816"]
[PlyCount "31"]
[EventDate "2006.??.??"]

1. e4 e6 2. d4 d5 3. Nc3 Nf6 4. Bg5 Be7 5. Bxf6 Bxf6 6. Nf3 dxe4 7. Nxe4 Nd7 8.
Bd3 b6 9. Qe2 O-O 10. O-O-O Bb7 11. Rhe1 Be7 12. Ne5 Rc8 13. Kb1 Nxe5 14. dxe5
c5 15. Nf6+ Kh8 16. Nxh7 1-0

[Event "IX. Rhein-Main-Open"]
[Site "Bad Homburg"]
[Date "2006.06.17"]
[Round "5.27"]
[White "Gutacker, Stephan"]
[Black "Krüger, Till"]
[Result "1/2-1/2"]
[WhiteElo "1982"]
[BlackElo "1827"]
[PlyCount "25"]
[EventDate "2006.??.??"]

1. e4 d6 2. d4 g6 3. Bd3 Bg7 4. Ne2 Nf6 5. h3 O-O 6. O-O Nbd7 7. Be3 c5 8. c3
b6 9. Ng3 Bb7 10. Nd2 e5 11. d5 Qe7 12. Qe2 h6 13. a4 1/2-1/2

[Event "IX. Rhein-Main-Open"]
[Site "Bad Homburg"]
[Date "2006.06.17"]
[Round "5.28"]
[White "Henrich, Frederik"]
[Black "Ewin, Hans-Peter"]
[Result "1/2-1/2"]
[WhiteElo "1612"]
[BlackElo "1976"]
[PlyCount "84"]
[EventDate "2006.??.??"]

1. e4 e5 2. Bc4 Nf6 3. d3 Nc6 4. Nc3 Bb4 5. Nge2 d5 6. exd5 Nxd5 7. Bd2 Nb6 8.
Bb3 Bg4 9. a3 Be7 10. O-O Nd4 11. Ba2 Qd7 12. f3 Be6 13. Bxe6 Nxe6 14. f4 exf4
15. Bxf4 O-O-O 16. Be3 Bd6 17. Bxb6 cxb6 18. b4 Be5 19. Qd2 Nd4 20. Rab1 Qg4
21. Kh1 Nf5 22. Ne4 Qh4 23. h3 Qxe4 24. Qc3+ Bxc3 25. dxe4 Ne3 26. Nxc3 Nxf1
27. Rxf1 f6 28. Rf2 Rd4 29. Nb5 Rd1+ 30. Kh2 a6 31. Nc3 Rd4 32. Kg3 Rhd8 33.
Kf3 Rd2 34. Re2 Rxe2 35. Kxe2 Re8 36. Kf2 Kd7 37. Kf3 Rc8 38. Nd5 Rxc2 39.
Nxb6+ Kc6 40. Nd5 Kb5 41. g4 Ra2 42. Nc3+ Kc4 1/2-1/2

[Event "IX. Rhein-Main-Open"]
[Site "Bad Homburg"]
[Date "2006.06.17"]
[Round "5.29"]
[White "Graw, Oliver"]
[Black "Niedenthal, Robert"]
[Result "1/2-1/2"]
[WhiteElo "1594"]
[BlackElo "1963"]
[PlyCount "74"]
[EventDate "2006.??.??"]

1. e4 d5 2. exd5 Nf6 3. c4 c6 4. d4 cxd5 5. Nc3 e6 6. Nf3 Be7 7. Be2 O-O 8. O-O
b6 9. Bf4 Bd6 10. Qd2 Bb7 11. Nb5 Bxf4 12. Qxf4 Nbd7 13. Nd6 Qc7 14. Qg3 Nh5
15. Qg5 Qxd6 16. Qxh5 Nf6 17. Qe5 Qb4 18. b3 Rac8 19. Qe3 Rfd8 20. Rfc1 dxc4
21. bxc4 Bxf3 22. gxf3 Qb2 23. Rd1 Qb4 24. a3 Qa5 25. Qe5 Qa4 26. Qe3 Kf8 27.
Rac1 Qa5 28. c5 Nd5 29. Qd3 Nf4 30. Qd2 Nxe2+ 31. Qxe2 Qxa3 32. Ra1 Qb3 33.
Rdb1 Qc3 34. Rxa7 bxc5 35. Rbb7 Qc1+ 36. Qf1 Qg5+ 37. Qg2 Qc1+ 1/2-1/2